Geography Quiz

Random Geography or Asia Quiz
Score 0/30 Timer 01:00
8 Plays Today
% Correct
Russia
86.3%
Japan
86%
China
85.9%
India
85.1%
South Korea
83.9%
North Korea
83.8%
Mongolia
83.7%
Saudi Arabia
82.9%
Turkey
82.7%
Philippines
81.5%
Sri Lanka
81%
Pakistan
80.3%
Indonesia
80%
Maldives
79%
Taiwan
79%
% Correct
Vietnam
77.7%
Iran
77.5%
Kazakhstan
77.5%
Nepal
76.2%
Malaysia
75.1%
Oman
74.6%
Afghanistan
74.2%
Iraq
73.7%
Bangladesh
73.7%
Yemen
73.7%
Thailand
73%
Syria
71.3%
UAE
67.9%
Georgia
61.7%
Kyrgyzstan
61.5%
Come Together.
Have Fun.
All Virtual.
We all need to come together. Play Sporcle's virtual live trivia to have fun, connect with people, and get your trivia on. Join a live hosted trivia game for your favorite pub trivia experience done virtually. If a virtual private party is more your thing, go here for details.

You're not logged in!

Compare scores with friends on all Sporcle quizzes.
OR
Log In

Sporcle TV

Today on Sporcle TV


Watch our educational content, quiz creation guides, and fun videos on Sporcle TV.

Show Comments

Extras

Top Quizzes Today


Score Distribution

Paid Content

Your Account Isn't Verified!

In order to create a playlist on Sporcle, you need to verify the email address you used during registration. Go to your Sporcle Settings to finish the process.

Report this User

Report this user for behavior that violates our Community Guidelines.

Details: